[Event "Gibraltar Challengers op-A"]
[Site "Caleta"]
[Date "2019.01.25"]
[Round "5"]
[White "Alarcon Olmos, Daniel"]
[Black "Burke, Mitchell R"]
[Result "1-0"]
[WhiteElo "2124"]
[BlackElo "1994"]
[PlyCount "65"]
[EventDate "2019.01.21"]
[EventType "swiss"]
[EventRounds "5"]
[EventCountry "GGB"]
[SourceTitle "CBM 188 Extra"]
[Source "ChessBase"]
[SourceDate "2019.02.28"]
[SourceVersion "1"]
[SourceVersionDate "2019.02.28"]
[SourceQuality "1"]

1. e4 c5 2. Nf3 d6 3. d4 cxd4 4. Nxd4 Nf6 5. Nc3 a6 6. Bg5 e6 7. Qd2 Nbd7 8. 0-0-0 Be7 9. Kb1 Qc7 10. g4 h6 11. Bxf6 Bxf6 12. f4 g5 13. Be2 gxf4 14. Qxf4 Bg5 15. Qf2 Ne5 16. h4 Be7 17. g5 Bd7 18. Bh5 hxg5 19. hxg5 Rf8 20. Rhg1 0-0-0 21. Nf5 Bc6 22. Nh6 Kb8 23. Rdf1 Be8 24. Qg2 Rc8 25. Rf2 Qb6 26. Nd1 a5 27. Qf1 a4 28. Rg3 Bb5 29. Be2 Be8 30. g6 Bh4 31. g7 Rg8 32. Nxg8 Bxg3 33. Ne7 1-0

[Event "Gibraltar Challengers op-A"]
[Site "Caleta"]
[Date "2019.01.23"]
[Round "3"]
[White "Castrillon Gomez, Melissa"]
[Black "Alarcon Olmos, Daniel"]
[Result "1-0"]
[WhiteElo "2244"]
[BlackElo "2124"]
[PlyCount "99"]
[EventDate "2019.01.21"]
[EventType "swiss"]
[EventRounds "5"]
[EventCountry "GGB"]
[SourceTitle "CBM 188 Extra"]
[Source "ChessBase"]
[SourceDate "2019.02.28"]
[SourceVersion "1"]
[SourceVersionDate "2019.02.28"]
[SourceQuality "1"]

1. e4 c5 2. Nf3 a6 3. c3 g6 4. d4 cxd4 5. cxd4 Nf6 6. e5 Ne4 7. Bd3 Qa5+ 8. Nbd2 d5 9. 0-0 Nxd2 10. Nxd2 Nc6 11. Nb3 Qb6 12. Be3 Bg7 13. Qd2 0-0 14. Nc5 Qb4 15. Qc1 f6 16. f4 fxe5 17. dxe5 Kh8 18. Nxa6 Qa5 19. Nc5 Nb4 20. Bb1 Qb5 21. a4 Qe2 22. Qd2 Qxd2 23. Bxd2 Nc6 24. Bd3 g5 25. fxg5 Rxf1+ 26. Rxf1 Nxe5 27. Bc3 d4 28. Bb4 b6 29. Be4 bxc5 30. Bxa8 cxb4 31. Rc1 Ba6 32. Bc6 Nd3 33. Rc2 e5 34. Bb5 b3 35. Rc7 Bxb5 36. axb5 Bf8 37. b6 Nc5 38. b7 Nxb7 39. Rxb7 e4 40. Rxb3 d3 41. Rb8 Kg7 42. Rxf8 Kxf8 43. Kf2 Ke7 44. Ke3 Kd6 45. h4 Ke5 46. g4 Kd5 47. h5 Kc4 48. g6 Kb3 49. gxh7 Kc2 50. h8Q 1-0

[Event "Gibraltar Challengers-B 13th"]
[Site "Caleta"]
[Date "2015.02.04"]
[Round "5"]
[White "Alarcon Olmos, Daniel"]
[Black "Hoffmann, Hendrik"]
[Result "1-0"]
[WhiteElo "2031"]
[BlackElo "2206"]
[PlyCount "121"]
[EventDate "2015.01.31"]
[EventType "swiss"]
[EventRounds "5"]
[EventCountry "GGB"]
[SourceTitle "CBM 164 Extra"]
[Source "ChessBase"]
[SourceDate "2015.03.02"]
[SourceVersion "1"]
[SourceVersionDate "2015.03.02"]
[SourceQuality "1"]

1. e4 d6 2. d4 Nf6 3. Nc3 g6 4. Bc4 Bg7 5. f3 0-0 6. Bg5 c5 7. dxc5 Qa5 8. Qd2 Qxc5 9. Bb3 Nc6 10. Nge2 Bd7 11. 0-0-0 Na5 12. Bxf6 Bxf6 13. Nd5 Nxb3+ 14. axb3 Kg7 15. Nxf6 Kxf6 16. Qh6 Rac8 17. Nc3 Qg5+ 18. Qxg5+ Kxg5 19. e5 Bc6 20. exd6 exd6 21. Rxd6 Rfe8 22. Kd2 h5 23. Re1 h4 24. Rxe8 Rxe8 25. Rd3 Kf5 26. Ne2 Rc8 27. Nd4+ Kf6 28. Nxc6 Rxc6 29. c4 Rc5 30. Ke3 Re5+ 31. Kf2 Ra5 32. Rd2 Ra1 33. Rc2 Ke5 34. Ke3 Rh1 35. g3 h3 36. f4+ Kf5 37. b4 Re1+ 38. Kf3 Rf1+ 39. Ke3 Re1+ 40. Kd2 Rg1 41. b5 b6 42. b4 Rb1 43. Kc3 Ke4 44. c5 bxc5 45. bxc5 Kd5 46. c6 Kd6 47. Rd2+ Kc7 48. Rd7+ Kc8 49. Rxa7 Rxb5 50. Rxf7 Rc5+ 51. Kd4 Rc2 52. Ke5 Rxh2 53. Rh7 Rc2 54. Kd6 Rd2+ 55. Ke6 h2 56. f5 gxf5 57. Kxf5 Rc2 58. g4 Kd8 59. c7+ Rxc7 60. Rxh2 Ke8 61. Rh8+ 1-0

[Event "Gibraltar Challengers-B 13th"]
[Site "Caleta"]
[Date "2015.02.03"]
[Round "4"]
[White "Alarcon Olmos, Daniel"]
[Black "Gonzalez Gonzalez, Alfonso"]
[Result "1/2-1/2"]
[WhiteElo "2031"]
[BlackElo "2160"]
[PlyCount "87"]
[EventDate "2015.01.31"]
[EventType "swiss"]
[EventRounds "5"]
[EventCountry "GGB"]
[SourceTitle "CBM 164 Extra"]
[Source "ChessBase"]
[SourceDate "2015.03.02"]
[SourceVersion "1"]
[SourceVersionDate "2015.03.02"]
[SourceQuality "1"]

1. Nf3 Nf6 2. d4 d6 3. Bg5 Nbd7 4. e3 h6 5. Bh4 g5 6. Bg3 Ne4 7. Nfd2 Nxg3 8. hxg3 Bg7 9. Bd3 c5 10. c3 Qb6 11. Na3 d5 12. Rb1 e5 13. 0-0 a6 14. e4 cxd4 15. exd5 Nc5 16. Ndc4 Qd8 17. cxd4 Nxd3 18. Qxd3 exd4 19. Rfe1+ Kf8 20. Qe4 Bf6 21. Nc2 b5 22. Ne5 Bb7 23. Nb4 Qd6 24. Qxd4 a5 25. Nd7+ Kg7 26. Nxf6 Qxf6 27. Qxf6+ Kxf6 28. Nc6 Ra6 29. b4 Bxc6 30. dxc6 Rc8 31. Rec1 axb4 32. Rxb4 Rcxc6 33. Rxc6+ Rxc6 34. Rxb5 Rc1+ 35. Kh2 Rc2 36. Rb6+ Kg7 37. a4 Rxf2 38. a5 Ra2 39. a6 g4 40. Kg1 h5 41. Kf1 Kh7 42. Kg1 Kg7 43. Kf1 Kh7 44. Kg1 1/2-1/2

[Event "Gibraltar Challengers-B 13th"]
[Site "Caleta"]
[Date "2015.01.31"]
[Round "1"]
[White "Haddock, Paul"]
[Black "Alarcon Olmos, Daniel"]
[Result "0-1"]
[WhiteElo "1639"]
[BlackElo "2031"]
[PlyCount "50"]
[EventDate "2015.01.31"]
[EventType "swiss"]
[EventRounds "5"]
[EventCountry "GGB"]
[SourceTitle "CBM 164 Extra"]
[Source "ChessBase"]
[SourceDate "2015.03.02"]
[SourceVersion "1"]
[SourceVersionDate "2015.03.02"]
[SourceQuality "1"]

1. e4 g6 2. d4 Bg7 3. Nc3 d6 4. Be3 Nf6 5. f3 c6 6. Qd2 b5 7. Bh6 0-0 8. Bxg7 Kxg7 9. Bd3 Na6 10. g4 e5 11. d5 b4 12. Nce2 cxd5 13. exd5 Qa5 14. g5 Nh5 15. Rd1 Nc5 16. Bc4 Qb6 17. b3 f5 18. gxf6+ Rxf6 19. Ng3 Nf4 20. h4 h5 21. Rh2 Bd7 22. N1e2 Re8 23. Ne4 Nxe4 24. fxe4 Bg4 25. Rf2 Nd3+ 0-1

[Event "ESP-ch 77th"]
[Site "San Agustin"]
[Date "2012.10.06"]
[Round "8"]
[White "Alvarado Diaz, Alejandro"]
[Black "Alarcon Olmos, Daniel"]
[Result "1/2-1/2"]
[WhiteElo "2258"]
[BlackElo "1901"]
[PlyCount "81"]
[EventDate "2012.09.29"]
[EventType "swiss"]
[EventRounds "9"]
[EventCountry "ESP"]
[SourceTitle "EXT 2014"]
[Source "ChessBase"]
[SourceDate "2013.11.20"]
[SourceVersion "1"]
[SourceVersionDate "2013.11.20"]
[SourceQuality "1"]

1. g3 g6 2. Bg2 Bg7 3. c4 Nf6 4. Nc3 0-0 5. e4 d6 6. Nge2 Nc6 7. 0-0 e5 8. d3 Nd7 9. Rb1 Nc5 10. Be3 Ne6 11. b4 Ncd4 12. f4 f5 13. Kh1 Kh8 14. Qd2 Rf7 15. Rbc1 Qf8 16. Rf2 c6 17. Rcf1 a5 18. b5 Bd7 19. bxc6 bxc6 20. fxe5 dxe5 21. exf5 gxf5 22. Ne4 Qb4 23. Bxd4 Qxd2 24. Nxd2 Nxd4 25. Nxd4 exd4 26. Ne4 Raf8 27. Nc5 Bc8 28. a4 Bh6 29. Nb3 Be3 30. Rb2 f4 31. gxf4 Rxf4 32. Rbb1 Bf5 33. Nc5 Bg4 34. Rxf4 Bxf4 35. Rf1 Bd6 36. Rxf8+ Bxf8 37. Nb3 c5 38. Nxa5 Bd1 39. Bc6 Bc2 40. Be4 Bxa4 41. Nc6 1/2-1/2

[Event "ESP-ch 77th"]
[Site "San Agustin"]
[Date "2012.10.04"]
[Round "6"]
[White "Angel Acosta, Juan Carlos"]
[Black "Alarcon Olmos, Daniel"]
[Result "0-1"]
[WhiteElo "2225"]
[BlackElo "1901"]
[PlyCount "68"]
[EventDate "2012.09.29"]
[EventType "swiss"]
[EventRounds "9"]
[EventCountry "ESP"]
[SourceTitle "EXT 2014"]
[Source "ChessBase"]
[SourceDate "2013.11.20"]
[SourceVersion "1"]
[SourceVersionDate "2013.11.20"]
[SourceQuality "1"]

1. d4 g6 2. Nf3 Bg7 3. g3 d6 4. Bg2 Nc6 5. d5 Na5 6. 0-0 c5 7. e4 Nf6 8. Nc3 0-0 9. Re1 Bg4 10. h3 Bxf3 11. Qxf3 Nd7 12. Qe2 Rb8 13. h4 a6 14. h5 b5 15. hxg6 hxg6 16. Nd1 Nc4 17. c3 Ncb6 18. Ne3 c4 19. Ng4 Nc5 20. Bh6 Nd3 21. Bxg7 Kxg7 22. Reb1 Na4 23. Qd2 Rh8 24. b3 Qc8 25. bxa4 Qxg4 26. axb5 axb5 27. Qe3 Qd7 28. Bf1 Ne5 29. Rb2 Rhc8 30. Bg2 Rh8 31. f4 Nd3 32. Rc2 Qg4 33. Rf1 Qh5 34. Rf3 Qh2+ 0-1

[Event "ESP-ch 77th"]
[Site "San Agustin"]
[Date "2012.09.30"]
[Round "2"]
[White "Garcia Blanco, Omar"]
[Black "Alarcon Olmos, Daniel"]
[Result "1-0"]
[WhiteElo "2277"]
[BlackElo "1901"]
[PlyCount "54"]
[EventDate "2012.09.29"]
[EventType "swiss"]
[EventRounds "9"]
[EventCountry "ESP"]
[SourceTitle "EXT 2014"]
[Source "ChessBase"]
[SourceDate "2013.11.20"]
[SourceVersion "1"]
[SourceVersionDate "2013.11.20"]
[SourceQuality "1"]

1. e4 c5 2. c3 Nf6 3. e5 Nd5 4. Bc4 e6 5. d4 cxd4 6. Bxd5 exd5 7. Qxd4 Qe7 8. Qxd5 Nc6 9. Nf3 f6 10. 0-0 fxe5 11. Re1 d6 12. Na3 Be6 13. Qd3 h6 14. b4 g5 15. b5 Na5 16. Nd2 Qf7 17. c4 Be7 18. c5 0-0 19. Qg3 d5 20. Bb2 e4 21. Bd4 Rac8 22. Rac1 b6 23. cxb6 Bxa3 24. Qxa3 axb6 25. Bxb6 Ra8 26. Rc7 Qf4 27. Qc3 Bd7 1-0

[Event "San Pedro del Pinatar op 1st"]
[Site "San Pedro del Pinatar"]
[Date "2010.01.16"]
[Round "5"]
[White "Alcaraz Pacheco, Ivan"]
[Black "Alarcon Olmos, Daniel"]
[Result "1-0"]
[WhiteElo "2042"]
[BlackElo "1811"]
[PlyCount "223"]
[EventDate "2010.01.15"]
[EventType "swiss"]
[EventRounds "7"]
[EventCountry "ESP"]
[SourceTitle "CBM 134 Extra"]
[Source "ChessBase"]
[SourceDate "2010.03.03"]
[SourceVersion "1"]
[SourceVersionDate "2010.03.03"]
[SourceQuality "1"]

1. d4 Nf6 2. Bg5 Ne4 3. Bf4 c5 4. f3 Qa5+ 5. c3 Nf6 6. Nd2 cxd4 7. Nb3 Qf5 8. Bxb8 Rxb8 9. Qxd4 Ra8 10. e4 Qg5 11. Nh3 Qh6 12. e5 Ng8 13. Nf4 e6 14. Rd1 Ne7 15. Qe4 Nf5 16. Bb5 Qh4+ 17. Ke2 a6 18. Bxd7+ Bxd7 19. Rxd7 Be7 20. Rdd1 0-0 21. g4 Nh6 22. Qxb7 Rfb8 23. Qe4 a5 24. Rd4 a4 25. Rxa4 Rxa4 26. Qxa4 Nxg4 27. Nd3 Bb4 28. cxb4 Nxh2 29. Qa7 Rc8 30. Nbc5 Qg3 31. Qb7 Rd8 32. Qe4 Qg2+ 33. Nf2 Nxf3 34. Qxf3 Rd2+ 35. Ke3 Qg5+ 36. Qf4 Re2+ 37. Kxe2 Qxf4 38. Ncd3 Qd4 39. a4 f5 40. exf6 gxf6 41. Rg1+ Kf7 42. Rg4 Qd5 43. Rf4 e5 44. Rh4 f5 45. Rxh7+ Kg6 46. Rh3 Qd4 47. Re3 e4 48. Nf4+ Kf7 49. Rc3 Qd6 50. N2h3 Qxb4 51. Rc7+ Kg8 52. Rc8+ Kf7 53. Rc7+ Ke8 54. Rc2 Qxa4 55. Rd2 Qc4+ 56. Ke3 Qc5+ 57. Ke2 Qc4+ 58. Ke3 Qb3+ 59. Ke2 Qf3+ 60. Ke1 e3 61. Rg2 Qe4 62. Ke2 Qd4 63. Nd3 Kd8 64. Nhf4 Qa4 65. Kxe3 Qa7+ 66. Kd2 Qa5+ 67. b4 Qa2+ 68. Kc3 Qa1+ 69. Kc4 Ke7 70. Re2+ Kf6 71. Nd5+ Kg5 72. Rg2+ Kh4 73. N3f4 Qc1+ 74. Kd4 Qa1+ 75. Kc5 Qc1+ 76. Kb6 Qc8 77. Rh2+ Kg3 78. Rh3+ Kg4 79. Rc3 Qb8+ 80. Kc5 Qa7+ 81. Kd6 Qb8+ 82. Ke7 Qe5+ 83. Kd7 Qg7+ 84. Kc8 Qa7 85. b5 Qa8+ 86. Kc7 Qa7+ 87. Kc6 Qa8+ 88. Kc5 Qf8+ 89. Kc4 Qc8+ 90. Kb3 Qb7 91. b6 Qa6 92. Kb4 Qa1 93. Rc7 Kg3 94. b7 Qa7 95. Kb5 Kh2 96. Kc6 Qa4+ 97. Kd6 Qa3+ 98. Rc5 Qa7 99. Kc6 Qa4+ 100. Kc7 Qa7 101. Rc2+ Kh1 102. Kc8 Qa6 103. Rc7 Kg1 104. Kd7 Qa4+ 105. Rc6 Qa7 106. Rb6 Qb8 107. Nc7 Kf2 108. Nfd5 Kg3 109. Na6 Qa7 110. Kc6 f4 111. Nxf4 Kxf4 112. b8Q+ 1-0